000 00382nam a2200145Ia 4500
008 180921t2013 xxu||||| |||| 00| 0 eng d
041 _aeng
080 _a796
_bMAK
245 _aMaking a Difference Through Sports United in Victory
260 _bMinistry of Sports
_aColombo
_c2013
300 _b30p, 24cm
942 _cBK
999 _c3455
_d3455
003 LK-CoDNM
040 _aLK-CoDNM
_dLK-CoDNM
_eLK-CoDNM